Normal view
MARC view
Entry Personal Name
001 - CONTROL NUMBER
- control field: 487532
003 - CONTROL NUMBER IDENTIFIER
- control field:
005 - DATE AND TIME OF LATEST TRANSACTION
- control field: 20210602140338.0
008 - FIXED-LENGTH DATA ELEMENTS
- fixed length control field: 210602|| aca||aabn | a|a d
040 ## - CATALOGING SOURCE
- Original cataloging agency:
- Transcribing agency:
100 ## - HEADING--PERSONAL NAME
- Personal name: McClure, Norman Egbert,
- Dates associated with a name: 1893-
670 ## - SOURCE DATA FOUND
- Source citation: Work cat.: (): Harington, John, Sir, 1560-1612 474264, The letters and epigrams of Sir John Harington, together with The prayse of private life /, 1977
